Paroles - Que vive mon âme à te louer - Statistiques

Statistiques générales
  • Ce quiz a été pris 22 fois
  • Le résultat moyen est 173 sur 213
Statistiques - réponses
Paroles % Correct
à
100%
as
100%
l’
100%
louer !
100%
m’
100%
ma
100%
mon
100%
parole,
100%
Que
100%
que
100%
Seigneur,
100%
Seigneur.
100%
Seigneur !
100%
sur
100%
Ta
100%
ta
100%
te
100%
Tu
100%
tu
100%
vive
100%
âme
95%
la
95%
lumière
95%
route,
95%
une
95%
Une
95%
me
90%
lampe,
86%
posé
86%
j’
76%
De
71%
de
71%
je
71%
Je
71%
tes
71%
ceux
67%
cœur,
67%
dans
67%
Heureux
67%
joie.
67%
joie
67%
pas,
67%
qui
67%
tout
67%
Dieu
62%
marchent
62%
veux
62%
voie
62%
volonté !
62%
le
57%
Ne
57%
voies,
57%
aime
52%
délaisse
52%
mes
52%
suivent
52%
est
48%
Et
48%
vérité.
43%
commandements !
38%
Dès
38%
garder
38%
loi,
38%
or,
38%
or
38%
Oui
38%
plus
38%
Plus
38%
préceptes
38%
sans
38%
faire
33%
peur
33%
comblé.
29%
cours
29%
fin
29%
lèvres
29%
publient
29%
veulent
29%
aube,
24%
douce
24%
miel
24%
moi,
24%
moi
24%
promesse.
24%
sagesse !
14%
apprends-
10%
méditent
10%
Vivifie-
10%
volontés ;
10%
Aucun quiz correspondant
Distribution des résultats
% des personnes avec chaque résultat
Percentile par nombre de réponses
Votre historique - résultats
Vous n’avez pas pris ce quiz